[Event "TUR-GEO Chess Summit"]
[Site "Ankara TUR"]
[Date "2002.08.06"]
[Round "2"]
[White "Atakisi,U"]
[Black "Jobava,Ba"]
[Result "0-1"]
[WhiteElo "2361"]
[BlackElo "2562"]

1.e4 c5 2.Nf3 d6 3.d4 Nf6 4.Nc3 cxd4 5.Nxd4 Nc6 6.Bg5 e6 7.Qd2 Be7 8.O-O-O O-O
9.f4 h6 10.Bxf6 Bxf6 11.Nxc6 bxc6 12.Qxd6 Qb6 13.Qd3 Rb8 14.b3 Qb4 15.Nb1 e5
16.f5 Bg5+ 17.Kb2 Rd8 18.Qxd8+ Bxd8 19.Rxd8+ Kh7 20.Nc3 Qe7 21.Rd2 Rb4 22.h4 Rd4
23.Rf2 a5 24.Bd3 Qa7 25.Rf3 Ba6 26.Rhh3 Bxd3 27.Rxd3 h5 28.Rhe3 Qb6 29.a3 Kh6
30.g3 g6 31.fxg6 fxg6 32.a4 g5 33.hxg5+ Kxg5 34.Rf3 Kg4 35.Nd1 Rxd3 36.Rxd3 Qg1
37.Nc3 Qe1 38.Nd1 Kh3 39.Kc1 Kg2 40.Re3 Qb4 41.c4 Qd6 42.Kc2 Qd4 43.Kc1 Qa1+
44.Kd2 Qa2+ 45.Ke1 Kg1 46.Rd3 Qc2 47.Re3 Qg2 48.Rd3 Qxe4+ 49.Re3 Qd4 50.Ke2 Kg2
51.Ke1 Qg4 52.Kd2 Qf5 53.Ke1 Qf1+ 54.Kd2 Kh3 55.Rc3 Qf8 56.Re3 Kg4 57.Ke2 Qa3
58.Nf2+ Kf5 59.Nd1 Qa2+ 60.Ke1 Qb1 61.Kd2 Ke6 62.Rc3 Kd6 63.Re3 Qf5 64.Kc3 Kc5
65.Nb2 e4 66.Nd1 Qd7 67.Kc2 Qd4 68.Rc3 Qg1 69.Re3 Kd4 70.Kd2 Qxd1+ 71.Kxd1 Kxe3
72.Ke1 c5 73.b4 axb4 74.a5 b3 75.Kd1 Kd3  0-1

[Event "V Open"]
[Site "Banyoles ESP"]
[Date "2002.08.06"]
[Round "4"]
[White "Fluvia Frigola,J"]
[Black "Sermier,G"]
[Result "1/2-1/2"]
[WhiteElo "2184"]
[BlackElo "2386"]

1.e4 c5 2.Nf3 d6 3.d4 cxd4 4.Nxd4 Nf6 5.Nc3 Nc6 6.Bg5 e6 7.Qd2 Be7 8.O-O-O O-O
9.f4 h6 10.Bh4 Bd7 11.Nf3 Qa5 12.Bc4 Rfd8 13.Bb3 Rac8 14.Qe2 a6 15.Rhe1 b5
16.e5 dxe5 17.fxe5 Ne8 18.Bxe7 Nxe7 19.Ne4 Bc6 20.Nd4 Bd5 21.Kb1 Qc7 22.Nc3 Bxb3
23.Nxb3 Ng6 24.Rxd8 Rxd8 25.Qe4 Rc8 26.a3 Qc6 27.Qxc6 Rxc6 28.Nd4 Rc8 29.Nf3 Rd8
30.Kc1 Nc7 31.Rd1 Rxd1+ 32.Kxd1 f6 33.exf6 gxf6 34.Kd2 Kf7 35.Ke3 e5 36.g4 Ke6
37.b3 Nf4 38.Ne4 h5 39.gxh5 Nxh5 40.c4 bxc4 41.bxc4 Ng7 42.h4 Nh5 43.Nc3  1/2-1/2

[Event "6th HZ Open"]
[Site "Vlissingen NED"]
[Date "2002.08.06"]
[Round "4"]
[White "Geirnaert,S"]
[Black "Lucas,F"]
[Result "1/2-1/2"]
[WhiteElo "2160"]
[BlackElo "2240"]

1.e4 c5 2.Nf3 Nc6 3.d4 cxd4 4.Nxd4 Nf6 5.Nc3 d6 6.Bg5 e6 7.Qd2 a6 8.f4 h6
9.Bh4 Nxe4 10.Nxe4 Qxh4+ 11.g3 Qd8 12.O-O-O d5 13.Nc3 Qf6 14.Bh3 Bb4 15.Rhe1 Qxd4
16.Qxd4 Nxd4 17.Rxd4 Bxc3 18.bxc3 O-O 19.f5 exf5 20.Re7 b5 21.Rxd5 Be6 22.Rc5 g6
23.Kb2 Rfd8 24.Bg2 Kf8 25.Rcc7 Rac8 26.Ra7 Rd2 27.Bb7  1/2-1/2

[Event "FSGM August"]
[Site "Budapest HUN"]
[Date "2002.08.07"]
[Round "5"]
[White "Antal,Ge"]
[Black "Balogh,C"]
[Result "1/2-1/2"]
[WhiteElo "2492"]
[BlackElo "2441"]

1.e4 c5 2.Nf3 d6 3.d4 cxd4 4.Nxd4 Nf6 5.Nc3 Nc6 6.Bg5 e6 7.Qd2 Be7 8.O-O-O Nxd4
9.Qxd4 O-O 10.f3 Bd7 11.Qd2 Bc6 12.h4 Qc7 13.Ne2 Rfd8 14.g4 Rac8 15.Nd4 e5
16.Bxf6 Bxf6 17.g5 Be7 18.Nxc6 bxc6 19.f4 d5 20.f5 dxe4 21.Qe1 Rxd1+ 22.Qxd1 Qb6
23.Bc4 Qd4 24.Bb3 Rd8 25.Qe1 e3 26.c3 Qe4 27.Bc2 Qd5 28.Bb3 Qe4 29.Bc2 Qg2
30.Rg1 Qf2 31.Rf1 Qxe1+ 32.Rxe1 h6 33.f6 gxf6 34.gxh6 f5 35.Bxf5 Bxh4 36.Rd1  1/2-1/2

[Event "V Open"]
[Site "Banyoles ESP"]
[Date "2002.08.09"]
[Round "7"]
[White "Sermier,G"]
[Black "Perez,Lu"]
[Result "1/2-1/2"]
[WhiteElo "2386"]
[BlackElo "2384"]

1.e4 c5 2.Nf3 Nc6 3.d4 cxd4 4.Nxd4 Nf6 5.Nc3 d6 6.Bg5 e6 7.Qd2 a6 8.O-O-O h6
9.Bf4 Bd7 10.Nxc6 Bxc6 11.f3 d5 12.Qe1 Bb4 13.a3 Ba5 14.b4 Bb6 15.exd5 Bxd5
16.Nxd5 Nxd5 17.c4 Qf6 18.Be5 Be3+ 19.Qxe3 Nxe3 20.Bxf6 gxf6 21.Re1 Nxf1  1/2-1/2

[Event "9th Open"]
[Site "Nice FRA"]
[Date "2002.08.09"]
[Round "6"]
[White "Baquero,L"]
[Black "Chabanon,JL"]
[Result "0-1"]
[WhiteElo "2275"]
[BlackElo "2483"]

1.e4 c5 2.Nf3 d6 3.d4 cxd4 4.Nxd4 Nf6 5.Nc3 Nc6 6.Bg5 e6 7.Qd2 Qb6 8.Nb3 a6
9.O-O-O Qc7 10.f4 b5 11.Qe1 Bd7 12.Bd3 b4 13.Nd5 exd5 14.exd5+ Ne7 15.Bxf6 gxf6
16.Qxb4 f5 17.Rhe1 Bg7 18.c4 a5 19.Qa3 Bf6 20.Kb1 O-O 21.Re2 Rfb8 22.Rc2 Rb4
23.c5 Nxd5 24.cxd6 Qxd6 25.Bc4 Nc3+ 26.bxc3 Rxb3+  0-1

[Event "V Open"]
[Site "Banyoles ESP"]
[Date "2002.08.11"]
[Round "9"]
[White "Cuadras Avellana,Jo"]
[Black "Campos Moreno,J"]
[Result "1-0"]
[WhiteElo "2370"]
[BlackElo "2493"]

1.e4 c5 2.Nf3 Nc6 3.d4 cxd4 4.Nxd4 Nf6 5.Nc3 d6 6.Bg5 e6 7.Qd2 a6 8.O-O-O Bd7
9.f4 b5 10.Bxf6 gxf6 11.Kb1 Qb6 12.Nxc6 Bxc6 13.Qe1 Ra7 14.Bd3 Rc7 15.Qh4 Bg7
16.f5 e5 17.Rhf1 h5 18.Rf3 Qc5 19.Rg3 Kf8 20.Rh3 a5 21.Qe1 a4 22.Qe3 b4 23.Qxc5 dxc5
24.Nd5 Bxd5 25.exd5 Ke7 26.d6+ Kxd6 27.Bb5+ Ke7 28.Rhd3 Bh6 29.Rd7+ Rxd7
30.Rxd7+ Kf8 31.Bxa4 Rg8 32.Bc6 Rg5 33.a4 bxa3 34.bxa3 Rxf5 35.a4 Rf4 36.a5 Rb4+
37.Ka2 c4 38.a6 Be3 39.a7 Bxa7 40.Rxa7 c3 41.Rb7 Rd4 42.Kb3 f5 43.Kxc3 Rd6
44.Bb5 h4 45.h3  1-0

[Event "ch-AUT"]
[Site "Oberpullendorf AUT"]
[Date "2002.08.12"]
[Round "3"]
[White "Schnider,G"]
[Black "Titz,Hei"]
[Result "1/2-1/2"]
[WhiteElo "2198"]
[BlackElo "2309"]

1.e4 c5 2.Nf3 Nc6 3.d4 cxd4 4.Nxd4 Nf6 5.Nc3 d6 6.Bg5 e6 7.Qd2 a6 8.O-O-O h6
9.Nxc6 bxc6 10.Bf4 d5 11.Qe3 Bb4 12.Be2 O-O 13.e5 Nh7 14.h4 f5 15.Rh3 c5
16.Nb1 Qe7 17.Rg1 Bb7 18.g4 d4 19.Qg3 Be4 20.g5 hxg5 21.hxg5 g6 22.Rh6 Qe8
23.f3 Bd5 24.Rgh1 Ra7 25.a3 Ba5 26.Qh3 Qf7 27.Qg2 Qe8 28.Qh3 Qf7 29.Rh2 c4
30.Qf1 d3 31.Bd1 dxc2 32.Bxc2 Qe8 33.Qh1 Qf7 34.Be3 Rb7 35.Rxh7 Qxh7 36.Rxh7 Rxh7
37.Qg2 Kf7 38.Nc3 Bxc3 39.bxc3 Rfh8 40.Bg1 Rh3 41.Bd1 Rh1 42.Qf2 Rb8 43.f4 Rb7
44.Qg3 Kg8 45.a4 a5 46.Qe3 Kg7 47.Qc5 Kf7 48.Bc2 Kg7 49.Kd2 Kf7 50.Qe3 Kg8
51.Qg3 Rbh7 52.Qe3 Rb7 53.Qf2 Rb2 54.Kc1 Rb7 55.Qc5 Kf7 56.Bd1 Kg7 57.Be2 Kf7
58.Bd1  1/2-1/2

[Event "FSGM August"]
[Site "Budapest HUN"]
[Date "2002.08.15"]
[Round "13"]
[White "Borisek,J"]
[Black "Chernyshov,K"]
[Result "1/2-1/2"]
[WhiteElo "2341"]
[BlackElo "2518"]

1.e4 c5 2.Nf3 Nc6 3.d4 cxd4 4.Nxd4 Nf6 5.Nc3 d6 6.Bg5 e6 7.Qd2 a6 8.O-O-O h6
9.Bf4 Bd7 10.Nxc6 Bxc6 11.f3 Qa5 12.Kb1 Rd8 13.g4 Be7 14.h4 Nd7 15.Be3 Bf6
16.Bd4 Bxd4 17.Qxd4 O-O 18.g5 hxg5 19.hxg5 Qxg5 20.Be2 Ne5 21.Qf2 Ng6 22.Rdg1 Qf6
23.Bd3 Rfe8 24.Ne2 d5 25.Rxg6 fxg6 26.e5 Qxe5 27.Bxg6 Qf6 28.Rg1 Kf8 29.Qh2 Ke7
30.Bxe8 Rxe8 31.Nf4 Kd7 32.Nd3 e5 33.Qh3+ Kc7 34.Qg3 Kb6 35.Qxg7 Qxg7 36.Rxg7 e4
37.fxe4 dxe4 38.Ne1 Rf8 39.Kc1 Rf1 40.Kd1 Kc5 41.c3 Kd6 42.Rg5 Rf2 43.Nc2 Bb5
44.Kc1 Bc4 45.a3 Be6 46.Nd4 Bc4 47.Nc2 Bb3 48.Nd4 Ba4 49.b3 Be8 50.a4 Bf7
51.c4 e3 52.Nf5+ Kc5 53.Nxe3+ Kb4 54.Rg3 Ka3 55.Nc2+ Ka2 56.Nb4+ Ka3 57.Nc2+  1/2-1/2

[Event "ADCF Masters"]
[Site "Abu Dhabi UAE"]
[Date "2002.08.17"]
[Round "6"]
[White "Bakre,T"]
[Black "Guliev,L"]
[Result "1-0"]
[WhiteElo "2450"]
[BlackElo "2390"]

1.e4 c5 2.Nf3 d6 3.d4 cxd4 4.Nxd4 Nf6 5.Nc3 Nc6 6.Bg5 e6 7.Qd2 a6 8.O-O-O h6
9.Bf4 Bd7 10.Nb3 Ne5 11.Bg3 b5 12.f4 Nc4 13.Qe1 Qc7 14.Rd4 Na5 15.e5 Nxb3+
16.axb3 Nh5 17.Bf2 dxe5 18.fxe5 b4 19.Na4 Bxa4 20.bxa4 Bc5 21.Qe4 Bxd4 22.Qxa8+ Ke7
23.Qxh8 b3 24.Bd3 Bxf2 25.Qa8 Nf4 26.Qxa6 bxc2 27.Bxc2 Nd5 28.Qd6+ Qxd6 29.exd6+ Kxd6
30.Be4 Nb4 31.Rd1+ Ke5 32.Bb7 Be3+ 33.Kb1 Bb6 34.Rd7 Kf6 35.Bf3 g5 36.Rb7 Bc5
37.a5 e5 38.Rb5  1-0

[Event "13th Summer Open"]
[Site "Recklinghausen GER"]
[Date "2002.08.19"]
[Round "2"]
[White "Goessling,G"]
[Black "Orth,R"]
[Result "0-1"]
[WhiteElo "2200"]
[BlackElo "2073"]

1.e4 c5 2.Nf3 Nc6 3.d4 cxd4 4.Nxd4 Nf6 5.Nc3 d6 6.Bg5 e6 7.Qd2 Be7 8.O-O-O a6
9.Bxf6 gxf6 10.f4 Bd7 11.Be2 Nxd4 12.Qxd4 Qa5 13.f5 h5 14.Bf3 Qe5 15.Qb6 Bc6
16.Rhe1 Qxh2 17.e5 Bxf3 18.gxf3 fxe5 19.Qxb7 Rd8 20.Qc6+ Kf8 21.fxe6 Qf4+
22.Kb1 fxe6 23.Ne4 d5 24.Nc5 Bxc5 25.Qxc5+ Kf7 26.Qa7+ Kf6 27.Qxa6 h4 28.Rg1 Rdg8
29.Qd3 Rg3 30.Rdf1 Rhg8 31.Rxg3 hxg3 32.Qh7 Rg7 33.Qh3 g2 34.Rg1 Qd4 35.Qh6+ Kf7
36.Qh2 Qf2 37.a4 Qxf3 38.Qxe5 Qf1+ 39.Ka2 Qxg1 40.Qf4+ Kg8  0-1

[Event "ADCF Masters"]
[Site "Abu Dhabi UAE"]
[Date "2002.08.21"]
[Round "9"]
[White "Kayumov,S"]
[Black "El Gindy,E"]
[Result "0-1"]
[WhiteElo "2267"]
[BlackElo "2449"]

1.e4 c5 2.Nf3 d6 3.d4 cxd4 4.Nxd4 Nf6 5.Nc3 Nc6 6.Bg5 e6 7.Qd2 Be7 8.O-O-O O-O
9.f4 h6 10.Bh4 Nxd4 11.Qxd4 Qc7 12.Bxf6 Bxf6 13.Qxd6 Qa5 14.e5 Rd8 15.Qa3 Rxd1+
16.Nxd1 Qxa3 17.bxa3 Be7 18.Kb2 Bd7 19.Bd3 Bc6 20.Ne3 Bc5 21.Re1 Bxe3 22.Rxe3 Bxg2
23.Rg3 Bc6 24.h4 Rd8 25.h5 Kf8 26.c3 Ba4 27.Kc1 Rd5 28.Be2 b6 29.Bd3 Rc5
30.Kb2 Bd1 31.Rh3 Rd5 32.Be4 Rd2+ 33.Kc1 Bg4 34.Rh4 Rd1+ 35.Kc2 Rg1 36.Kd3 Rg3+
37.Kd4 Bh3 38.a4 Ke7 39.a5 f5 40.exf6+ gxf6 41.axb6 axb6 42.a4 Kd6 43.Kc4 Kc7
44.Kd4 Kd7 45.Bg6 Kd6 46.Kc4 f5 47.Kb4 Rf3 48.Kb5 Rxc3 49.Kxb6 Rb3+ 50.Ka7 Bg2
51.Be8 Rb7+ 52.Ka6 Rb8 53.Rh2 Be4 54.Rd2+ Kc5 55.Bc6 Kxc6  0-1

[Event "Saraybahce GP"]
[Site "Kocaeli TUR"]
[Date "2002.08.21"]
[Round "5"]
[White "Bratanov,Z"]
[Black "Esen,B"]
[Result "1-0"]
[WhiteElo "2438"]
[BlackElo "2189"]

1.e4 c5 2.Nc3 d6 3.Nge2 Nc6 4.d4 cxd4 5.Nxd4 Nf6 6.Bg5 e6 7.Bb5 Bd7 8.Bxc6 bxc6
9.Qf3 Qb6 10.O-O-O Be7 11.Rhe1 O-O 12.Qg3 Rab8 13.Nb3 e5 14.Bxf6 Bxf6 15.Rxd6 Be6
16.Red1 Be7 17.Rxe6 fxe6 18.Qxe5 Bf6 19.Qxe6+ Kh8 20.f3 Qe3+ 21.Kb1 Bxc3
22.bxc3 Qe2 23.Rd3 Qxg2 24.Qd6 a5 25.a4 h6 26.Qg3 Qf1+ 27.Kb2 Rxb3+ 28.Kxb3 Qb1+
29.Kc4 Qxc2 30.Rd7 Qxa4+ 31.Kc5 Qb5+ 32.Kd6 Qb8+ 33.Kc5 Qb5+ 34.Kd6 Qb8+
35.Rc7 Rf7 36.Kxc6 Qxc7+ 37.Qxc7 Rxc7+ 38.Kxc7 a4 39.e5 a3 40.e6 a2 41.e7 a1=Q
42.e8=Q+ Kh7 43.Qe4+ Kh8 44.c4 Qa7+ 45.Kc8 Qa6+ 46.Kd7 Qa7+ 47.Ke6 Qb6+ 48.Kf5 g6+
49.Kf4 Qf6+ 50.Ke3 h5  1-0

[Event "13th Summer Open"]
[Site "Recklinghausen GER"]
[Date "2002.08.21"]
[Round "5"]
[White "Eggenstein,F"]
[Black "Czarnik,J"]
[Result "1/2-1/2"]
[WhiteElo "2189"]
[BlackElo "2059"]

1.e4 c5 2.Nf3 d6 3.d4 cxd4 4.Nxd4 Nf6 5.Nc3 Nc6 6.Bg5 Qa5 7.Nxc6 Qxg5 8.Nd4 g6
9.Bb5+ Bd7 10.Bxd7+ Nxd7 11.O-O Rc8 12.Nd5 e6  1/2-1/2

[Event "WY ol"]
[Site "Kuala Lumpur MAS"]
[Date "2002.08.22"]
[Round "5"]
[White "Chuah Jin,H"]
[Black "Gareev,T"]
[Result "0-1"]
[WhiteElo "2199"]
[BlackElo "2191"]

1.e4 c5 2.Nf3 Nc6 3.d4 cxd4 4.Nxd4 Nf6 5.Nc3 d6 6.Bg5 e6 7.Qd2 a6 8.f3 Bd7
9.Bc4 Rc8 10.Bb3 Be7 11.Be3 O-O 12.O-O Ne5 13.a3 Qc7 14.Rfd1 Nc4 15.Bxc4 Qxc4
16.Nb3 Qc7 17.Qf2 Bc6 18.Bb6 Qb8 19.Ba7 Qc7 20.Bb6 Qb8 21.Ba7 Qa8 22.Bd4 Rfd8
23.Bb6 Re8 24.Bd4 Nd7 25.Qg3 Bf8 26.Na5 Qb8 27.Nxc6 bxc6 28.b3 d5 29.Qxb8 Rxb8
30.exd5 cxd5 31.Ra2 Rec8 32.Na4 f6 33.Be3 Kf7 34.Kf2 Bd6 35.g3 Ke7 36.Ke2 Rc6
37.Ke1 Rbc8 38.Rd2 g5 39.Kf2 h6 40.Kg2 f5 41.Bf2 R8c7 42.b4 Ne5 43.Bc5 Nd7
44.Bf2 Ne5 45.Bc5 Nc4 46.Re2 e5 47.Bxd6+ Kxd6 48.Nc5 Ra7 49.Kf2 Nb6 50.a4 Nd7
51.Nb3 Rc4 52.Na5 Rxb4 53.c3 Rb6 54.Rad2 Kc5 55.Re1 Rc7 56.Red1 Nf6 57.Ke2 Kd6
58.c4 Rc5  0-1

[Event "Open"]
[Site "Padron ESP"]
[Date "2002.08.23"]
[Round "2"]
[White "Pena Gomez,M"]
[Black "Pina,S"]
[Result "0-1"]
[WhiteElo "2109"]
[BlackElo "2303"]

1.e4 c5 2.Nf3 d6 3.d4 cxd4 4.Nxd4 Nf6 5.Nc3 Nc6 6.Bg5 e6 7.Qd2 a6 8.O-O-O Bd7
9.f4 b5 10.Bxb5 axb5 11.Ndxb5 Nb4 12.Nxd6+ Bxd6 13.Qxd6 Nxa2+ 14.Nxa2 Rxa2
15.Bxf6 gxf6 16.Kb1 Ra7 17.Qd4 Qa5 18.b3 Qa2+ 19.Kc1 Qa1+ 20.Qxa1 Rxa1+ 21.Kd2 Rxd1+
22.Rxd1 Ke7 23.Ke3 Rc8 24.c4 Rb8 25.Rd3 e5 26.f5 Bc6 27.g3 Rd8 28.Rxd8 Kxd8
29.b4 Ba4 30.Kd3 Kc7 31.Kc3 Kc6 32.Kd2 Kb6 33.Kc3 Bd1 34.Kd2 Bf3 35.Ke3 Bg2
36.Kd3 Bf1+ 37.Kc3 Kc6  0-1

[Event "Open"]
[Site "Birstonas LIT"]
[Date "2002.08.24"]
[Round "8"]
[White "Sulskis,G"]
[Black "Lutsko,I"]
[Result "1/2-1/2"]
[WhiteElo "2247"]
[BlackElo "2398"]

1.e4 c5 2.Nf3 d6 3.d4 cxd4 4.Nxd4 Nf6 5.Nc3 Nc6 6.Bg5 e6 7.Qd2 a6 8.O-O-O Bd7
9.f4 Be7 10.Nf3 b5 11.e5 b4 12.exd6 bxc3 13.Qxc3 Bf8 14.Bc4 h6 15.f5 Ne4
16.fxe6 fxe6 17.Bd3 Nxg5 18.Bg6+ Nf7 19.Rhf1 Qf6 20.Bxf7+ Qxf7 21.Nd4 Qg6
22.Nxe6 Qxe6 23.Rfe1 Nd8 24.Qd3 Bxd6 25.Qxd6 Kf7 26.Rxe6 Bxe6 27.Rf1+ Ke8
28.Re1 Kf7 29.Rf1+ Ke8 30.b3 a5 31.c4 Ra7 32.Qe5 a4 33.Rd1 Re7 34.Qa5 Bd7
35.Re1 Rf8 36.Rxe7+ Kxe7 37.Qc5+ Ke8 38.Qe5+ Ne6 39.c5 Rf1+ 40.Kb2 Rf2+ 41.Ka3 axb3
42.axb3 Rxg2 43.c6 Bc8 44.Qb8 Kd8 45.Qd6+ Ke8 46.b4 Rg5 47.Ka4 Rg4 48.Ka5 Rg1
49.Qb8 Ra1+ 50.Kb6 Kd8 51.Qd6+ Ke8 52.b5 Ra2 53.Qb8 Kd8 54.Qe5 Ke7 55.h4 Ra4
56.Qb8 Kd8 57.Qd6+ Ke8 58.Qb8  1/2-1/2

[Event "Atlantic Open"]
[Site "Washington DC USA"]
[Date "2002.08.24"]
[Round "3"]
[White "Cadman,C"]
[Black "Figler,I"]
[Result "1-0"]
[WhiteElo "2225"]
[BlackElo "2380"]

1.e4 c5 2.Nf3 Nc6 3.d4 cxd4 4.Nxd4 Nf6 5.Nc3 d6 6.Bg5 e6 7.Qd2 a6 8.O-O-O Bd7
9.f4 h6 10.Bxf6 Qxf6 11.Nf3 Qd8 12.g4 Qc7 13.h4 Be7 14.Kb1 O-O-O 15.Bh3 Kb8
16.g5 hxg5 17.hxg5 Na5 18.Bg4 Nc4 19.Qd3 Rxh1 20.Rxh1 Rc8 21.Nd2 b5 22.Nxc4 bxc4
23.Qe3 Qa7 24.Qxa7+ Kxa7 25.Rh7 Bf8 26.Kc1 Bc6 27.g6 Bxe4 28.Nxe4 f5 29.Bxf5 exf5
30.Ng3 Rc5 31.Nh5 Rc7 32.Rh8 Be7 33.Nxg7  1-0

[Event "Open"]
[Site "Padron ESP"]
[Date "2002.08.28"]
[Round "7"]
[White "Korneev,O"]
[Black "Perez,Lu"]
[Result "1-0"]
[WhiteElo "2583"]
[BlackElo "2384"]

1.e4 c5 2.Nf3 Nc6 3.d4 cxd4 4.Nxd4 Nf6 5.Nc3 d6 6.Bg5 e6 7.Qd2 a6 8.O-O-O h6
9.Be3 Bd7 10.f3 b5 11.g4 Nxd4 12.Qxd4 Rb8 13.e5 dxe5 14.Qxe5 Rc8 15.Bd3 Qc7
16.Qxc7 Rxc7 17.Bd4 Rc8 18.h4 Bc6 19.Rhf1 Nd7 20.Be4 Nc5 21.Bxc6+ Rxc6 22.Be5 Rg8
23.f4 Be7 24.h5 g6 25.a3 gxh5 26.gxh5 f6 27.Bd4 Rg2 28.Rg1 Rh2 29.Rg8+ Kf7
30.Rdg1 e5 31.fxe5 fxe5 32.R1g7+ Ke6 33.Bxc5 Rxc5 34.Re8 Rc7 35.Rg6+ Kf5
36.Kb1 Bg5 37.Rxa6 Rxh5 38.Nxb5 Rh1+ 39.Ka2 Rxc2 40.Nd6+ Kg4 41.Rxe5 Rhh2
42.Ra4+ Kf3 43.Rf5+ Kg3 44.Rb5 Bc1 45.Nf5+ Kg2 46.Rg4+ Kf1 47.Rgb4 Rcf2 48.a4 Bd2
49.Rb3 Rf4 50.a5 Rhf2 51.a6 Rxf5 52.a7 Rxb5 53.Rxb5 Rf8 54.Rb8 Rf5 55.a8=Q Ra5+
56.Qxa5 Bxa5 57.b4  1-0

[Event "ch-RUS"]
[Site "Krasnodar RUS"]
[Date "2002.08.30"]
[Round "4"]
[White "Yemelin,V"]
[Black "Korotylev,A"]
[Result "1/2-1/2"]
[WhiteElo "2534"]
[BlackElo "2558"]

1.e4 c5 2.Nf3 d6 3.d4 cxd4 4.Nxd4 Nf6 5.Nc3 Nc6 6.Bg5 e6 7.Qd2 a6 8.O-O-O h6
9.Be3 Be7 10.f3 Nxd4 11.Bxd4 b5 12.Kb1 Rb8 13.Ba7 Rb7 14.Bf2 Qc7 15.g4 Nd7
16.Ne2 Ne5 17.Nd4 Bd7 18.h4 h5 19.g5 g6 20.Be2 O-O 21.b3 Re8 22.f4 Nc6 23.Nxc6 Bxc6
24.Bd3 d5 25.Rhe1 a5 26.Bd4 dxe4 27.Be5 Bd6 28.Bxd6 Qxd6 29.Bxe4 Qc7 30.Bxc6 Qxc6
31.Qd3 Rc7 32.Re2 a4 33.Red2 a3 34.Qd4 Kh7 35.Qf6 Qe4 36.Ka1 Rb7 37.Kb1 Rd7
38.Rd3 Qe2 39.Rc1 Rc7 40.Rd8 Rxd8 41.Qxd8 Rb7 42.Qa8 Qf3 43.Qxa3 Qxf4 44.Qa8 Rd7
45.Qh1 b4 46.Rf1 Qd4 47.Qh2 e5 48.Re1 Re7 49.Qg3 Kg8 50.Qh3 Qd2 51.Qe3 Qd6
52.Qe4  1/2-1/2

[Event "GM"]
[Site "Rostock GER"]
[Date "2002.08.30"]
[Round "7"]
[White "Baramidze,D"]
[Black "Lanka,Z"]
[Result "1/2-1/2"]
[WhiteElo "2351"]
[BlackElo "2504"]

1.e4 c5 2.Nf3 Nc6 3.d4 cxd4 4.Nxd4 Nf6 5.Nc3 d6 6.Bg5 e6 7.Qd2 a6 8.O-O-O h6
9.Be3 Bd7 10.f3 b5 11.g4 Ne5 12.Bd3 Qc7 13.Kb1 Nc4 14.Bxc4 Qxc4 15.h4 g6
16.Nb3 b4 17.Ne2 e5 18.c3 a5  1/2-1/2

[Event "VI BCX"]
[Site "Brasilia BRA"]
[Date "2002.08.31"]
[Round "9"]
[White "Campello,L"]
[Black "Chemin,V"]
[Result "1-0"]
[WhiteElo "2238"]
[BlackElo "2316"]

1.e4 c5 2.Nf3 Nc6 3.d4 cxd4 4.Nxd4 Nf6 5.Nc3 d6 6.Bg5 e6 7.Qd2 a6 8.O-O-O Bd7
9.f3 Be7 10.Kb1 Nxd4 11.Qxd4 Qa5 12.h4 Rc8 13.g4 b5 14.Bh3 O-O 15.Bd2 Qc7
16.g5 Ne8 17.f4 Qc5 18.Be3 Qxd4 19.Rxd4 Nc7 20.f5 a5 21.a3 Na6 22.Bf4 b4
23.Bxd6 Bxd6 24.Rxd6 Nc5 25.axb4 axb4 26.Nd1 Bc6 27.fxe6 fxe6 28.Bxe6+ Nxe6
29.Rxe6 Rf4 30.Re1 Rxh4 31.Nf2 Rh2 32.Nd3 b3 33.cxb3 Bb5 34.Nb4 Rd8 35.Rb6 Be8
36.Nd5 Rg2 37.Rf1 Bh5 38.Nf4 Rf8 39.Nxg2 Rxf1+ 40.Ka2 Rg1 41.Rb8+ Kf7 42.Rb7+ Kg8
43.Ne3 Rxg5 44.Nc4 Bf3 45.Rb8+ Kf7 46.b4 Be2 47.b3 h5 48.b5 Ke7 49.b6 Bf3
50.e5 h4 51.b7 Bxb7 52.Rxb7+ Ke6 53.Rb6+ Kd5 54.Rd6+ Kc5 55.Rd8 h3 56.Rh8 Rg2+
57.Ka3 h2 58.e6 Re2 59.e7 g5 60.Rxh2 Rxe7 61.Rg2 Rg7 62.Rg4 Kd5 63.Kb2 Ke6
64.Kc3 Kf5 65.Ne3+ Kg6 66.b4 Kh5 67.Kd3 Ra7 68.Re4 Ra1 69.b5 Rb1 70.Kc4 Rc1+
71.Kd5 Rb1 72.Kc6 Re1 73.b6 g4 74.b7 Rc1+  1-0

[Event "5th Pyramiden-Franken Cup"]
[Site "Fuerth GER"]
[Date "2002.09.04"]
[Round "5"]
[White "Sax,G"]
[Black "Meins,G"]
[Result "1/2-1/2"]
[WhiteElo "2511"]
[BlackElo "2416"]

1.e4 c5 2.Nf3 Nc6 3.d4 cxd4 4.Nxd4 Nf6 5.Nc3 d6 6.Bg5 e6 7.Qd2 Be7 8.O-O-O Nxd4
9.Qxd4 O-O 10.f4 Qa5 11.Kb1 Rd8 12.Qd2 Qc7 13.Qe1 b6 14.Bd3 Bb7 15.Nb5 Qc5
16.e5 dxe5 17.fxe5 Ne4 18.b4 Qxb5 19.Bxe7 Qxe5 20.Bxd8 Nc3+ 21.Ka1 Ne4+ 22.Kb1 Nc3+
23.Ka1 Ne4+ 24.c3 Rxd8 25.Kb2 Rc8 26.Bxe4 Bxe4 27.Rd4 f5 28.Qd2 h6  1/2-1/2

[Event "FSGM Sept"]
[Site "Budapest HUN"]
[Date "2002.09.07"]
[Round "1"]
[White "Balogh,C"]
[Black "Breder,D"]
[Result "1/2-1/2"]
[WhiteElo "2441"]
[BlackElo "2438"]

1.e4 c5 2.Nf3 d6 3.d4 Nf6 4.Nc3 cxd4 5.Nxd4 Nc6 6.Bg5 e6 7.Qd2 Be7 8.O-O-O O-O
9.f3 a6 10.h4 Nxd4 11.Qxd4 b5 12.Kb1 Qa5 13.Qd2 b4 14.Ne2 e5 15.Nc1 Be6 16.g4 Rad8
17.Bxf6 Bxf6 18.g5 Be7 19.Bh3 d5 20.Bxe6 fxe6 21.Qe2 d4 22.Nd3 Qb5 23.Qg2 Bd6
24.Qg4 Rde8 25.Rhe1 Bb8 26.Qh5 Bc7 27.Rg1 Rc8 28.Rd2 Bb8 29.Nf2 Qc5 30.Ng4 d3
31.Rgg2 dxc2+ 32.Rxc2 Qd4 33.b3 Qd1+ 34.Kb2 Qd4+  1/2-1/2

[Event "FSGM Sept"]
[Site "Budapest HUN"]
[Date "2002.09.08"]
[Round "2"]
[White "Rajlich,V"]
[Black "Balogh,C"]
[Result "1-0"]
[WhiteElo "2338"]
[BlackElo "2441"]

1.e4 c5 2.Nf3 d6 3.d4 cxd4 4.Nxd4 Nf6 5.Nc3 Nc6 6.Bg5 Qb6 7.Nb3 e6 8.Bd3 Be7
9.O-O a6 10.Qe2 O-O 11.Rae1 Rd8 12.Kh1 Nb4 13.f4 Nxd3 14.cxd3 Qc7 15.e5 Ne8
16.Nd5 exd5 17.exd6 Rxd6 18.Qxe7 Qxe7 19.Bxe7 Re6 20.Nc5 Rc6 21.f5 b6 22.Nb3 Bb7
23.Nd4 Rc7 24.h4 h5 25.f6 g6 26.Re5 Rac8 27.Kh2 Rc1 28.Rxc1 Rxc1 29.Bd8 Kf8
30.Be7+ Kg8 31.Bd8 Kf8 32.Re7 Bc8 33.Ra7 Kg8 34.Ra8 b5 35.b4 g5 36.hxg5 Kh7
37.Be7 Rc7 38.Nf3 Kg6 39.Ne5+ Kxg5 40.Nxf7+ Kf5 41.Nd6+ Nxd6 42.Bxd6  1-0

[Event "Poyntner Mem GM"]
[Site "St Poelten AUT"]
[Date "2002.09.10"]
[Round "6"]
[White "Van der Weide,K"]
[Black "Stanec,N"]
[Result "0-1"]
[WhiteElo "2403"]
[BlackElo "2523"]

1.e4 c5 2.Nf3 d6 3.d4 cxd4 4.Nxd4 Nf6 5.Nc3 Nc6 6.Bg5 e6 7.Qd2 a6 8.O-O-O h6
9.Be3 Be7 10.f4 Nxd4 11.Bxd4 b5 12.Qe3 b4 13.Na4 Qc7 14.Bxf6 Bxf6 15.Qb6 Bd8
16.Rxd6 Rb8 17.Qd4 O-O 18.Bc4 Be7 19.e5 Bxd6 20.exd6 Qc6 21.Nc5 Bd7 22.Rd1 Rbc8
23.Nxd7 Qxd7 24.Bxa6 Ra8 25.Bc4 Rfd8 26.g4 Qa7 27.Qe4 Qc5 28.f5 exf5 29.gxf5 Ra7
30.Qd4 Ra5 31.d7 Qxf5 32.Qb6 Raa8 33.Qc6 Ra7 34.Bb5 Qg5+ 35.Kb1 Raxd7  0-1

[Event "FSGM Sept"]
[Site "Budapest HUN"]
[Date "2002.09.12"]
[Round "6"]
[White "Rajlich,V"]
[Black "Bui Vinh"]
[Result "0-1"]
[WhiteElo "2338"]
[BlackElo "2444"]

1.e4 c5 2.Nf3 Nc6 3.d4 cxd4 4.Nxd4 Nf6 5.Nc3 d6 6.Bg5 Bd7 7.Be2 a6 8.Bxf6 gxf6
9.O-O e6 10.Bh5 Rg8 11.Kh1 Qa5 12.Nb3 Qg5 13.g3 Be7 14.f4 Qh6 15.a4 Kf8 16.a5 Rd8
17.Qe2 Nb4 18.Nd4 Nc6 19.Nb3 Nb4 20.Nd4 Be8 21.Nd5 Nc6 22.Nxc6 Bxc6 23.Nxe7 Kxe7
24.Rg1 e5 25.fxe5 dxe5 26.Rad1 f5 27.Bf3 f4 28.gxf4 Rxg1+ 29.Kxg1 Rxd1+ 30.Qxd1 Qxf4
31.Qd3 Qc1+ 32.Kf2 Qxb2 33.Qc4 Kf6 34.Kg3 Qc1 35.c3 Qg1+ 36.Bg2 Qe1+ 37.Kf3 Qh4
38.Qb4 Qf4+ 39.Ke2 Qxh2 40.Kf2 Qf4+ 41.Kg1 Kg7 42.Qc4 h5 43.Qd3 h4 44.c4 Qg3
45.Qxg3+ hxg3 46.Bf3 f5 47.Kg2 f4 48.Kh3 Kf6 49.Kh4 Ba4 50.c5 Bd1  0-1

[Event "FSIMB Sept"]
[Site "Budapest HUN"]
[Date "2002.09.12"]
[Round "6"]
[White "Nemeth,Mi"]
[Black "Gonda,L"]
[Result "1/2-1/2"]
[WhiteElo "2337"]
[BlackElo "2309"]

1.e4 c5 2.Nf3 d6 3.d4 cxd4 4.Nxd4 Nf6 5.Nc3 Nc6 6.Bg5 e6 7.Qd2 a6 8.O-O-O Bd7
9.f4 b5 10.Bxf6 gxf6 11.Nxc6 Bxc6 12.Qe3 Qe7 13.Bd3 Qa7 14.Qe1 Be7 15.Kb1 Qc5
16.Rf1 h5 17.Ne2 O-O-O 18.Nc1 d5 19.Nb3 Qb6 20.e5 f5 21.Be2 Kb8 22.Nd4 Bd7
23.Rf3 Rc8 24.Qf1 Bc5 25.Nb3 Be7 26.Nd4 Bc5 27.Nb3 Be7  1/2-1/2

[Event "Poyntner Mem IM"]
[Site "St Poelten AUT"]
[Date "2002.09.12"]
[Round "6"]
[White "Lanc,A"]
[Black "Videki,S"]
[Result "1/2-1/2"]
[WhiteElo "2376"]
[BlackElo "2441"]

1.e4 c5 2.Nf3 d6 3.d4 cxd4 4.Nxd4 Nf6 5.Nc3 Nc6 6.Bg5 Bd7 7.Qd2 Nxd4 8.Qxd4 Qa5
9.Qd2 h6 10.Be3 Ng4 11.Nd5 Qxd2+ 12.Bxd2 Rc8 13.f3 Nf6 14.Bc3 Nxd5 15.exd5 Rg8
16.O-O-O g6 17.Bd4  1/2-1/2

[Event "TCh-CRO"]
[Site "Medulin CRO"]
[Date "2002.09.13"]
[Round "5"]
[White "Feletar,D"]
[Black "Biliskov,V"]
[Result "1-0"]
[WhiteElo "2420"]
[BlackElo "2338"]

1.e4 c5 2.Nf3 d6 3.d4 cxd4 4.Nxd4 Nf6 5.Nc3 Nc6 6.Bg5 e6 7.Qd2 a6 8.O-O-O h6
9.Nxc6 bxc6 10.Bf4 d5 11.Qe3 Be7 12.Be2 O-O 13.h4 Nh7 14.Qg3 Kh8 15.Bc7 Qd7
16.Na4 Qe8 17.Nb6 Ra7 18.Bb8 Rb7 19.Nxc8 Qxc8 20.Be5 f6 21.Bc3 Rb8 22.a3 Rd8
23.Bg4 dxe4 24.Rxd8+ Qxd8 25.Bxe6 Qb6 26.Bb3 Bc5 27.Qg6 e3 28.fxe3 Bxe3+
29.Kb1 Qa7 30.Re1 Nf8 31.Qe4 Bf2 32.Re2 Nd7 33.Qxc6 Bxh4 34.Re7 Qg1+ 35.Ka2 Nf8
36.Qc7  1-0